000 02189nam a22003497a 4500
001 102539
003 KnowledgeUnlatched
005 20210303105248.0
006 m o d
007 cr u||||||||||
008 210129p20152019enk o u00| u eng d
037 _5BiblioBoard
245 0 0 _aCivil Uprisings in Modern Sudan
_bThe 'Khartoum Springs' of 1964 and 1985 /
_cW. J. Berridge.
020 _a9781472574022
029 1 _ahttps://library.biblioboard.com/ext/api/media/8589d3da-8670-45fb-bb85-77fe559f4d30/assets/thumbnail.jpg
040 _aScCtBLL
_cScCtBLL
100 1 _aBerridge, W. J.
_eauthor.
264 1 _bBloomsbury Academic,
300 _a1 online resource (305 p.)
506 0 _aAccess copy available to the general public.
_fUnrestricted
_2star
520 _aIn the wake of the protests that toppled regimes across the Middle East in 2011, Sudanese activists and writers have proudly cited their very own 'Arab Springs' of 1964 and 1985, which overthrew the country's first two military regimes, as evidence of their role as political pioneers in the region. Whilst some of these claims may be exaggerated, Sudan was indeed unique in the region at the time in that it witnessed not one but two popular uprisings which successfully uprooted military authoritarianisms. Civil Uprisings in Modern Sudan provides the first scholarly book-length history of the 1964 and 1985 uprisings. It explores the uprisings themselves, their legacy and the contemporary relevance they hold in the context of the current political climate of the Middle East.
588 0 _aDescription based on print version record.
590 _aKU Select 2018: HSS Backlist Books
650 7 _aHistory / Middle East
_2bisacsh
650 0 _aHistory
655 0 _aElectronic books.
758 _iIs found in:
_aKnowledge Unlatched
_1https://openresearchlibrary.org/module/2774bc74-146a-484f-a7ba-ab1d6a09bbfb
856 4 0 _uhttps://openresearchlibrary.org/content/8589d3da-8670-45fb-bb85-77fe559f4d30
_zView this content on Open Research Library.
_70
999 _c34002
_d34002